|
|
|
|
| LEADER |
01602nam a2200373 a 4500 |
| 001 |
33429 |
| 003 |
BD-DhAAL |
| 005 |
20211121144359.0 |
| 008 |
180717t2004 wau 000 1 eng |
| 999 |
|
|
|c 39058
|d 39058
|
| 010 |
|
|
|a 95011472 //r95
|
| 020 |
|
|
|a 0060391480
|
| 020 |
|
|
|a 0007179812
|
| 035 |
|
|
|a MITb10753713
|
| 035 |
|
|
|a (OCoLC)32167397
|
| 040 |
|
|
|a DLC
|c DLC
|d MYG
|d BD-DhAAL
|
| 049 |
|
|
|a MYGG
|
| 050 |
0 |
0 |
|a PS3553.O855
|b M53 1995
|
| 082 |
0 |
0 |
|a 813.54
|2 20
|
| 100 |
1 |
|
|a Coupland, Douglas
|9 27487
|
| 245 |
1 |
0 |
|a Microserfs /
|c by Douglas Coupland.
|
| 250 |
|
|
|a 1st edition
|
| 260 |
|
|
|a London :
|b Harper perennial,
|c c2004.
|
| 300 |
|
|
|a 371 pages ;
|c 22 cm.
|
| 520 |
|
|
|a From the acclaimed author of Hey Nostradamus! comes a wonderful comic novel with `more one-liners than a decade of Woody Allen films' (Guardian), about the scramble for love and success in a brave new world...
|
| 526 |
|
|
|a ENH
|
| 541 |
|
|
|a STS International
|e 33429, 33430
|
| 650 |
|
0 |
|a Computer software industry
|x Employees
|v Fiction.
|9 27488
|
| 650 |
|
0 |
|a Young adults
|z United States
|v Fiction.
|9 27489
|
| 650 |
|
0 |
|a Computer science.
|9 42911
|
| 852 |
|
|
|a Ayesha Abed Library
|c General Stacks
|
| 942 |
|
|
|2 ddc
|c BK
|
| 952 |
|
|
|0 0
|1 0
|2 ddc
|4 0
|6 813_540000000000000_COU
|7 0
|9 63588
|a BRACUL
|b BRACUL
|c GEN
|d 2018-07-05
|e STS International
|g 2499.00
|l 2
|m 5
|o 813.54 COU
|p 3010033430
|r 2022-03-28
|s 2022-03-07
|t 2
|v 2499.00
|w 2018-07-05
|y BK
|
| 952 |
|
|
|0 0
|1 0
|2 ddc
|4 0
|6 813_540000000000000_COU
|7 0
|9 63589
|a BRACUL
|b BRACUL
|c GEN
|d 2018-07-05
|e STS International
|g 2499.00
|l 0
|o 813.54 COU
|p 3010033429
|r 2018-07-05
|t 1
|v 2499.00
|w 2018-07-05
|y BK
|